Friedrich Christoph Dahlmann (Record no. 5891)

MARC details
000 -CABECERA
campo de control de longitud fija 00628nam a2200229 a 4500
001 - NÚMERO DE CONTROL
campo de control BRCA_6204
005 - FECHA Y HORA DE LA ÚLTIMA TRANSACCIÓN
campo de control 20190320205353.0
008 - DATOS DE LONGITUD FIJA--INFORMACIÓN GENERAL
campo de control de longitud fija 120711s1870----gw-c######---#000-0#ger-#
041 ## - CÓDIGO DE LENGUA
Código de lengua del texto/banda sonora o título independiente ger
044 ## - CÓDIGO DEL PAÍS DE LA ENTIDAD EDITORA/PRODUCTORA
Código MARC del país gw
050 #4 - SIGNATURA TOPOGRÁFICA DE LA BIBLIOTECA DEL CONGRESO
Número de clasificación DD192 D3
Número de documento/Ítem .S67 1870
245 10 - MENCIÓN DE TÍTULO
Título Friedrich Christoph Dahlmann
Mención de responsabilidad, etc. Anton Springer
260 ## - PUBLICACIÓN, DISTRIBUCIÓN, ETC.
Lugar de publicación, distribución, etc. Leipzig
Nombre del editor, distribuidor, etc. S. Hirzel
Fecha de publicación, distribución, etc. 1870
300 ## - DESCRIPCIÓN FÍSICA
Extensión 2 v.
Otras características físicas il., retratos
Dimensiones 23 cm.
500 ## - NOTA GENERAL
Nota general Inicio de la publicación: 1870.
500 ## - NOTA GENERAL
Nota general I64
650 14 - PUNTO DE ACCESO ADICIONAL DE MATERIA--TÉRMINO DE MATERIA
Término de materia o nombre geográfico como elemento de entrada Dahlman, Friedrich Christoph
Subdivisión cronológica 1870
9 (RLIN) 15605
651 #4 - PUNTO DE ACCESO ADICIONAL DE MATERIA--NOMBRE GEOGRÁFICO
Nombre geográfico Alemania
Subdivisión general Historia
9 (RLIN) 5819
700 1# - PUNTO DE ACCESO ADICIONAL--NOMBRE DE PERSONA
Nombre de persona Springer, Anton
9 (RLIN) 15606
902 ## - CATALOGADOR
Iniciales GFM
942 ## - ELEMENTOS DE PUNTO DE ACCESO ADICIONAL (KOHA)
Fuente del sistema de clasificación o colocación Library of Congress Classification
Tipo de ítem Koha Libros
Holdings
Estado de retiro Estado de pérdida Estado dañado No para préstamo Localización permanente Ubicación/localización actual Fecha de adquisición Número de inventario Total de préstamos Signatura topográfica completa Código de barras Fecha visto por última vez Precio válido a partir de Tipo de ítem Koha
El ejemplar forma parte de la colección y puede ser consultado según las políticas vigentes.       Biblioteca del Museo Franz Mayer (Rogerio Casas-Alatriste) Biblioteca del Museo Franz Mayer (Rogerio Casas-Alatriste) 12/07/2011 I64   DD192 D3 .S67 1870 (I64) 6643 22/03/2019 22/03/2019 Libros